• 首页
  • 本馆介绍
  • 公告通知
  • 最新文献
  • 馆藏检索
  • 电子资源
  • 读者导购
  • 参考咨询
  • 我的图书馆
  • 登录
  • 详细信息显示
  • 放入我的书架
  • 预约/预借图书
  • 作者相关作品
  • 分类相关作品
  • 丛书相关作品
  • 出版社相关作品

书目信息

  • 表格格式
  • 工作单格式
  • 卡片格式
题名:
吕氏春秋校释
    
 
作者: 陈奇猷 校释
分册: 三  
出版信息: 上海   学林出版社  1984.4
页数: 945-1424页
开本: 20cm
丛书名:
单 册:
中图分类: B229.2
科图分类:
主题词: 吕不韦--哲学 , 吕不韦
电子资源:
ISBN:
000 00563nam0 2200205 45
001 0211071608
005 20060104143403.64
010    @dCNY2.05
091    @a2259.001
100    @a20021107d1984 km y0chiy0120 ea
101 0  @achi
200 1  @a吕氏春秋校释@ALu Shi Chun Qiu Xiao Shi@h三@f陈奇猷校释@FChen Qi You Xiao Shi
210    @a上海@c学林出版社@d1984.4
215    @a945-1424页@d20cm
606 0  @a吕不韦@x哲学
606 0  @a吕不韦
690    @aB229.2@v3
701  0 @a陈奇猷@Achen qi you@4校释
801    @aCN@bTSTC@c20060104
905    @dB229.2@e29:3@b159612@f1
    
    吕氏春秋校释.三/陈奇猷校释.-上海:学林出版社,1984.4
    945-1424页;20cm
    
    
    ISBN :CNY2.05
    
●
相关链接 在E读中查询图书 在五车中查询图书 在当当中查询图书 在豆瓣中查询图书


正题名:吕氏春秋校释     索取号:B229.2/29:3         预约/预借

序号 登录号 条形码 馆藏地/架位号 状态 备注
1 0109464   202185303   密集书库/ [索取号:B229.2/29:3] 在馆    
2 0109465   001719830   密集书库/ [索取号:B229.2/29:3] 在馆    
3 0159612   001995461   密集书库/ [索取号:B229.2/29:3] 在馆    
4 0159613   001835143   密集书库/ [索取号:B229.2/29:3] 在馆    
5 0159614   000513028   第一借阅区/ [索取号:B229.2/29:3] 在馆    
唐山师范学院图书馆 欢迎您!
大连网信软件有限公司© 版权所有